000 00450nam a22001697a 4500
020 _a9780471658023
050 0 0 _aQD453.2
_b.P39 2005
100 1 _aSilbey, Robert J.
245 1 0 _aSolutions manual to accompany physical chemistry /
250 _a4th ed.
260 _aUSA :
_bJohn Wiley & Sons, Inc.
_cc2005.
300 _a297 p. ;
650 0 _bPhysical, Chemistry.
700 1 0 _aAlberty, Robert A.
700 1 0 _aBawendi, Moungi G.
942 _cGEN
999 _c2138
_d2138